| 000 | 01347nam a2200313 i 4500 | ||
|---|---|---|---|
| 005 | 20220317002017.0 | ||
| 007 | ta | ||
| 008 | 201106s2014 ck a|||j |||| 00| p spa d | ||
| 020 | _a9789588454832 | ||
| 040 |
_aCO-BoRNBP _bspa _cCO-BoRNBP _erda |
||
| 041 | 0 | _aspa | |
| 084 | _aP ZAL1 | ||
| 100 | 1 |
_aZalamea Borda, Jorge _d1905-1969 _eautor |
|
| 245 | 1 | 0 |
_aPoesía ignorada y olvidada _bPoesía de los pueblos del mundo, Il: Colombia, Panamá, México, Perú, Japón, Bahrien, Ruanda, Finlandia, África ecuatorial, Malasia, Asia, Etiopia, Israel _cJorge Zalamea ; ilustraciones Laura Gómez "Horripilina" |
| 250 | _aPrimera edición | ||
| 264 | 1 |
_aBogotá _bEdiciones Desde Abajo _c2014 |
|
| 300 |
_a99 páginas _bIlustraciones _c24 cm |
||
| 336 |
_2rdacontent _atexto _btxt |
||
| 337 |
_2rdamedia _asin mediación _bn |
||
| 338 |
_2rdacarrier _avolumen _bnc |
||
| 500 | _a"Horripilina" es el seudónimo de Laura Gómez | ||
| 521 | _aRecomendado para un público mayor de 15 años | ||
| 650 | 1 | 7 |
_2LEMB _aPoesía colombiana _vHistoria y crítica |
| 650 | 1 | 7 |
_2LEMB _aPoesía hispanoaméricana _yHistoria y crítica _vAntologías |
| 650 | 1 | 7 |
_2LEMB _aPoesía africana _xHistoria y crítica _vAntología |
| 650 | 1 | 7 |
_2LEMB _aPoesía asiática _xHistoria y crítica _vAntologías |
| 700 | 1 |
_aGómez, Laura _eilustradora _9160960 |
|
| 942 |
_2loc _cBKLIT |
||
| 999 |
_c8882 _d8882 |
||